Pronikání lidských práv do agendy Evropské unie

Agenda ľudských práv v medzinárodnej organizácii a vo federácii. Prenikanie ľudských práv do agendy EÚ. Agenda ľudských práv v primárnom práve a v sekundárnom práve. Agenda ľudských práv v judikatúre Súdneho dvora. Prenikanie ľudských práv do agendy ďalších inštitúcií EÚ. Prenikanie ľudských práv do...

Full description

Saved in:
Bibliographic Details
Main Author: Smekal, Hubert
Format: Book Chapter
Language:Czech
Subjects:
Tags: Add Tag
No Tags, Be the first to tag this record!

MARC

LEADER 00000naa a2200000 4500
001 0197463
005 20231208075801.0
041 0 |a cze 
044 |a CZ 
245 1 0 |a Pronikání lidských práv do agendy Evropské unie  |c Hubert Smekal 
520 |a Agenda ľudských práv v medzinárodnej organizácii a vo federácii. Prenikanie ľudských práv do agendy EÚ. Agenda ľudských práv v primárnom práve a v sekundárnom práve. Agenda ľudských práv v judikatúre Súdneho dvora. Prenikanie ľudských práv do agendy ďalších inštitúcií EÚ. Prenikanie ľudských práv do vonkajšej politiky EÚ. 
610 2 0 |a práva ľudské 
610 2 0 |a ochrana právna 
610 2 0 |a ochrana práv občanov 
610 2 0 |a právo medzinárodné 
610 2 0 |a politika zahraničná 
610 2 0 |a Európska únia 
100 1 |a Smekal, Hubert